=LDR 00000nam 2200000 4500 =001 INLIS000000000005323 =005 20251013015112 =035 ##$$a 0010-1025000378 =007 ta =008 251013###########################0#ind## =082 ##$$a 613.94 =084 ##$$a 613.94 BAD l =100 #$$a Badan Koordinasi Keluarga Berencana Nasional =245 1#$$a Laporan Penelitian Kualitatif Peranan Pria dalam Penggunaan Kontrasepsi di DKI dan DIY /$c Badan Koordinasi Keluarga Berencana Nasional =260 ##$:$b Badan Koordinasi Keluarga Berencana Nasional =300 ##$$a 17 Hal : $b Ilus ; $c 21 =650 #4$$a Keluarga Berencana =856 ##$$a Perpustakaan Kemendukbangga